|
|
|
|
| LEADER |
01720nam a2200409 i 4500 |
| 001 |
EBC6478615 |
| 003 |
MiAaPQ |
| 005 |
20210628210919.0 |
| 006 |
m o d | |
| 007 |
cr cnu|||||||| |
| 008 |
210628s2020 gw o 001 0 eng d |
| 020 |
|
|
|z 9783110687194
|q (print)
|
| 020 |
|
|
|z 9783110687224
|q (electronic bk.)
|
| 035 |
|
|
|a (MiAaPQ)EBC6478615
|
| 035 |
|
|
|a (Au-PeEL)EBL6478615
|
| 035 |
|
|
|a (OCoLC)1178769417
|
| 040 |
|
|
|a MiAaPQ
|b eng
|e rda
|e pn
|c MiAaPQ
|d MiAaPQ
|
| 050 |
|
4 |
|a BR60.A65
|b .P648 2020
|
| 082 |
0 |
|
|a 270.1
|2 23
|
| 245 |
0 |
0 |
|a Poetry, Bible and theology from late Antiquity to the Middle Ages /
|c edited by Michele Cutino.
|
| 264 |
|
1 |
|a Berlin ;
|a Boston :
|b De Gruyter,
|c [2020]
|
| 264 |
|
4 |
|c 2020
|
| 300 |
|
|
|a 1 online resource (xii, 568 pages).
|
| 336 |
|
|
|a text
|b txt
|2 rdacontent
|
| 337 |
|
|
|a computer
|b c
|2 rdamedia
|
| 338 |
|
|
|a online resource
|b cr
|2 rdacarrier
|
| 490 |
1 |
|
|a Millennium-Studien ;
|v Volume 86
|
| 500 |
|
|
|a Includes index.
|
| 588 |
|
|
|a Description based on print version record.
|
| 590 |
|
|
|a Electronic reproduction. Ann Arbor, MI : ProQuest, 2018. Available via World Wide Web. Access may be limited to ProQuest affiliated libraries.
|
| 650 |
|
0 |
|a Christian poetry, Early
|x History and criticism
|v Congresses.
|
| 655 |
|
4 |
|a Electronic books.
|
| 700 |
1 |
|
|a Cutino, Michele,
|e editor.
|
| 776 |
0 |
8 |
|i Print version:
|t Poetry, Bible and theology from late Antiquity to the Middle Ages.
|d Berlin ; Boston : De Gruyter, c2020
|h xii, 568 pages
|k Millennium-Studien ; Volume 86.
|z 9783110687194
|
| 797 |
2 |
|
|a ProQuest (Firm)
|
| 830 |
|
0 |
|a Millennium-Studien ;
|v Volume 86.
|
| 856 |
4 |
0 |
|u https://ebookcentral.proquest.com/lib/matrademy/detail.action?docID=6478615
|z Click to View
|